[Event "TUR-chT 2nd League"]
[Site "Konya"]
[Date "2018.07.21"]
[Round "8.5"]
[White "Ozdilek, Hasan"]
[Black "Zor, Alber Kadir"]
[Result "1/2-1/2"]
[WhiteElo "1859"]
[BlackElo "2158"]
[PlyCount "65"]
[EventDate "2018.07.16"]
[EventType "team-swiss"]
[EventRounds "9"]
[EventCountry "TUR"]
[SourceTitle "EXT 2019"]
[Source "ChessBase"]
[SourceDate "2018.10.10"]
[SourceVersion "1"]
[SourceVersionDate "2018.10.10"]
[SourceQuality "1"]
[WhiteTeam "Corum Belediye"]
[BlackTeam "Koroglu Dernegi"]
[WhiteTeamCountry "TUR"]
[BlackTeamCountry "TUR"]

1. d4 d5 2. c4 e6 3. Nc3 a6 4. Nf3 Nf6 5. g3 dxc4 6. Ne5 b5 7. Bg2 c6 8. Nxc6 Qb6 9. Ne5 Bb7 10. 0-0 Bxg2 11. Kxg2 Nc6 12. Nxc6 Qxc6+ 13. e4 Rd8 14. f3 Bc5 15. Be3 0-0 16. Rf2 Bxd4 17. Bxd4 e5 18. Rd2 exd4 19. Rxd4 Qb6 20. Ne2 Qc7 21. Rc1 Rxd4 22. Qxd4 Rd8 23. Qe3 Qd7 24. Kf2 h5 25. h4 Qh3 26. Nf4 Qd7 27. Ke2 g6 28. Qc3 Qd6 29. a3 Kf8 30. Qb4 Qxb4 31. axb4 Ra8 32. Ra1 Ra7 33. Ke3 1/2-1/2

[Event "TUR-chT 2nd League"]
[Site "Konya"]
[Date "2018.07.19"]
[Round "5.8"]
[White "Albayrak, Abdurrahman Kerem"]
[Black "Ozdilek, Hasan"]
[Result "1/2-1/2"]
[WhiteElo "1871"]
[BlackElo "1859"]
[PlyCount "135"]
[EventDate "2018.07.16"]
[EventType "team-swiss"]
[EventRounds "9"]
[EventCountry "TUR"]
[SourceTitle "EXT 2019"]
[Source "ChessBase"]
[SourceDate "2018.10.10"]
[SourceVersion "1"]
[SourceVersionDate "2018.10.10"]
[SourceQuality "1"]
[WhiteTeam "Istanbul Sisli"]
[BlackTeam "Corum Belediye"]
[WhiteTeamCountry "TUR"]
[BlackTeamCountry "TUR"]

1. c4 Nf6 2. Nc3 e6 3. Nf3 d5 4. d4 Be7 5. Bf4 0-0 6. e3 Nbd7 7. c5 c6 8. b4 Nh5 9. Bd3 Nxf4 10. exf4 f6 11. Qe2 Re8 12. 0-0 Nf8 13. Qc2 b6 14. g3 bxc5 15. bxc5 Qa5 16. Rab1 Ba6 17. Rb3 Rab8 18. Bxa6 Qxa6 19. Rfb1 Nd7 20. Qe2 Qxe2 21. Nxe2 Rxb3 22. Rxb3 Rb8 23. Rxb8+ Nxb8 24. Nc1 Kf7 25. Kf1 Ke8 26. Ke2 Kd7 27. Kd2 Kc7 28. g4 Nd7 29. Nd3 Nf8 30. h4 Nd7 31. h5 Kd8 32. Kc3 Ke8 33. Nb4 Nb8 34. Kd2 Bd8 35. Nd3 Nd7 36. f5 exf5 37. gxf5 Bc7 38. Ke3 Kf7 39. Nf4 Nf8 40. Ne1 g6 41. fxg6+ hxg6 42. hxg6+ Nxg6 43. Nxg6 Kxg6 44. Nd3 Ba5 45. a3 Kg5 46. Kf3 Bc3 47. Nf4 Kf5 48. Ne2 Bd2 49. Ng3+ Kg5 50. a4 a5 51. Nf1 Bf4 52. Ke2 Kf5 53. Kd3 Kg4 54. Ke2 Kg5 55. Kf3 Bc7 56. Ne3 Bf4 57. Nd1 Bc7 58. Nb2 Kf5 59. Nd3 Bb8 60. Ne1 Bc7 61. Nc2 Kg5 62. Ne3 Bf4 63. Nd1 Bc7 64. Nc3 Kf5 65. Ke3 Bf4+ 66. Kd3 Bc7 67. f3 Bf4 68. Ke2 1/2-1/2

[Event "TUR-chT 2nd League"]
[Site "Konya"]
[Date "2018.07.18"]
[Round "4.13"]
[White "Ozdilek, Hasan"]
[Black "Kabuk, Erdem"]
[Result "1/2-1/2"]
[WhiteElo "1859"]
[BlackElo "1775"]
[PlyCount "46"]
[EventDate "2018.07.16"]
[EventType "team-swiss"]
[EventRounds "9"]
[EventCountry "TUR"]
[SourceTitle "EXT 2019"]
[Source "ChessBase"]
[SourceDate "2018.10.10"]
[SourceVersion "1"]
[SourceVersionDate "2018.10.10"]
[SourceQuality "1"]
[WhiteTeam "Corum Belediye"]
[BlackTeam "Genc Efe Izcilik"]
[WhiteTeamCountry "TUR"]
[BlackTeamCountry "TUR"]

1. d4 g6 2. c4 Bg7 3. Nc3 d6 4. e4 Nf6 5. Be3 0-0 6. f3 a6 7. Qd2 c6 8. a4 a5 9. Nge2 Na6 10. Ng3 Nb4 11. Bd3 Nxd3+ 12. Qxd3 b6 13. Qc2 Ba6 14. b3 Rc8 15. c5 bxc5 16. dxc5 dxc5 17. Rd1 Qb6 18. Nce2 Qb4+ 19. Bd2 Qb6 20. Be3 Qb4+ 21. Bd2 Qb6 22. Be3 Qb4+ 23. Bd2 Qb6 1/2-1/2

[Event "TUR-chT 2nd League"]
[Site "Konya"]
[Date "2018.07.17"]
[Round "3.10"]
[White "Kucumenler, Tarkan"]
[Black "Ozdilek, Hasan"]
[Result "1-0"]
[WhiteElo "2026"]
[BlackElo "1859"]
[PlyCount "74"]
[EventDate "2018.07.16"]
[EventType "team-swiss"]
[EventRounds "9"]
[EventCountry "TUR"]
[SourceTitle "EXT 2019"]
[Source "ChessBase"]
[SourceDate "2018.10.10"]
[SourceVersion "1"]
[SourceVersionDate "2018.10.10"]
[SourceQuality "1"]
[WhiteTeam "Kocaeli Buyuksehir Belediyesi"]
[BlackTeam "Corum Belediye"]
[WhiteTeamCountry "TUR"]
[BlackTeamCountry "TUR"]

1. e4 e5 2. Nf3 Nc6 3. Bc4 Nf6 4. d3 Bc5 5. 0-0 d6 6. h3 a6 7. c3 h6 8. Bb3 0-0 9. Re1 Be6 10. Nbd2 Bxb3 11. Qxb3 Nh5 12. Nf1 b5 13. a4 b4 14. d4 exd4 15. Qd5 bxc3 16. bxc3 Qd7 17. Qxh5 dxc3 18. Be3 Bb4 19. Qd5 Rfe8 20. Qc4 a5 21. Ng3 Re6 22. Ne2 Rae8 23. Nxc3 Rg6 24. Kf1 Ree6 25. Rec1 Ne5 26. Nxe5 Rxe5 27. Nd5 c5 28. Nxb4 axb4 29. Bf4 Re8 30. Qd5 Rge6 31. Rxc5 Rxe4 32. Qxd6 Qxa4 33. Rcc1 Qb5+ 34. Kg1 b3 35. Rab1 b2 36. Rd1 Qa4 37. Be3 Rc8 1-0